| 000 | 00565nam a2200169Ia 4500 | ||
|---|---|---|---|
| 008 | 220216s9999 xx 000 0 und d | ||
| 100 |
_aArmstrong _BC L |
||
| 245 | 0 | _aImproved tissue culture response of an elite maize inbred through backcross breeding, and identification of chromosomal regions important for regeneration by RFLP analysis | |
| 260 |
_bTheoretical and applied genetics _c1992 |
||
| 300 | _a755-62 | ||
| 650 | _aRFLP | ||
| 650 | _aTissue culture | ||
| 650 | _aZea mays L | ||
| 700 | _aHodeges T K | ||
| 700 | _aRomero-Severson J | ||
| 942 | _cJS | ||
| 999 |
_c60854 _d60854 |
||